000 00490nam a2200205Ia 4500
001 13680
003 GE_BSU
008 181216s||||||||xx |||||||||||||| ||und||
040 _cGE_BSU
080 _a523
100 _aAttenborough,David.
245 4 _aThe living planet. A portrait of the earth.
260 _aLondon.
260 _bGuild publishing.
260 _c1984
300 _a320p;25cm.
300 _bill.
653 _aThe living planet. A portrait of the earth.
942 _cBK
999 _c46829
_d46829